Music Quiz

Random Music or Song Quiz

Sporcle's 1st Kevin Ayers Lyrics Quiz!! Stats

 Plays Quiz not verified by Sporcle

Score 0/35 Timer 10:00
0 Plays Today
Lyric % Correct
a
100%
the
100%
I
88%
I
88%
I
88%
in
80%
it
68%
it
68%
me
68%
me
68%
what
64%
song
60%
know
60%
feel,
56%
feel
56%
feel,
56%
feel
56%
at
52%
Lyric % Correct
night.
52%
don't
52%
I'm
52%
but
52%
makes
52%
Makes
52%
Singing
48%
morning,
48%
singing
48%
even
48%
singing
48%
again
44%
about,
44%
alright.
44%
alright!
44%
Yeah,
40%
yeah.
40%

You're not logged in!

Compare scores with friends on all Sporcle quizzes.
OR
Log In

You Might Also Like...

Show Comments

Extras

Created Aug 6, 2012ReportNominate
Tags:Lyrics Quiz, Song Quiz

Top Quizzes Today


Score Distribution

Your Account Isn't Verified!

In order to create a playlist on Sporcle, you need to verify the email address you used during registration. Go to your Sporcle Settings to finish the process.

Report this User

Report this user for behavior that violates our Community Guidelines.

Details: